| 000 | 01266nam a22003017a 4500 | ||
|---|---|---|---|
| 999 |
_c65810 _d65810 |
||
| 005 | 20240530110844.0 | ||
| 008 | 200912s2018 ua a f b 000 0dara d | ||
| 017 |
_a2017/21230 _bمصر. دار الكتب |
||
| 020 | _a9789773444112 | ||
| 040 |
_aEG-CaGPL _cEG-CaGPL |
||
| 082 | 0 | 4 |
_221 _a953.082 _bق/م س |
| 100 | 0 | _aمحمد الششتاوى | |
| 245 | 1 | 2 |
_aالسلاطين الثلاثة الاول لدولة المعز ايبك المنصور على بن ايبك المظفر قطز / _cمحمد الششتاوى |
| 250 | _aط.1 | ||
| 260 |
_aالقاهرة : _bدار الافاق العربية، _c2018 |
||
| 300 |
_a110 ص. ؛ _c24 سم. |
||
| 490 | 0 |
_aموسوعة سلاطين المماليك : تاريخهم - اثارهم - اوقافهم ؛ _v1 |
|
| 504 | _aيشتمل على ارجاعات ببليوجرافية | ||
| 600 | 0 | _aالمظفر قطز | |
| 600 | 0 | _aالمنصورعلى بن ايبك | |
| 600 | 0 | _aالمعز ايبك | |
| 600 | 0 | _aالقاضى تاج الدين عبدالوهاب | |
| 600 | 0 | _aالقاضى ابن بنت الاعز | |
| 650 | 0 | 7 |
_aالملوك والحكام _2qrmak |
| 651 | 0 | 7 |
_2qrmak _aدولة المماليك |
| 942 |
_2ddc _cBK |
||